| 000 | 00469nam a2200169Ia 4500 | ||
|---|---|---|---|
| 008 | 100421t2008 xxu||||| |||| 00| 0 sin d | ||
| 041 | _asin | ||
| 080 |
_aX8S31 _bBAN |
||
| 100 | _aBandara, Sarath Yapa | ||
| 245 | _aහොල්මන් අවතාර රාත්රිය | ||
| 246 | _aHolman Avathara Raththriya | ||
| 260 |
_bMalpiyali _aColombo _c2008 |
||
| 300 | _a112p., 21 cm | ||
| 942 | _cBK | ||
| 999 |
_c73166 _d73166 |
||
| 003 | LK-CoDNM | ||
| 040 |
_aLK-CoDNM _dLK-CoDNM _eLK-CoDNM |
||